000 00600nam a2200169 a 4500
008 120416s1976 ||||||||||||||||| || u
050 _aHB 2041 Mig
100 _aClout, Hugh
245 1 0 _aMigration in post-war Europe
_cedited by John Salt
246 _ageographical essays
260 _aLondon
_bOxford University Press
_c1976
300 _a228p. : Ill
350 _a0.00
650 _aMIGRATION, POST-WAR EUROPE
700 _aSalt, John
995 _D0.00
_FCBU-MAIN LIBRARY (Kitwe)
_H1
_I0.00
_M1
_UAVAILABLE
_ZAnnex Low-Usage Collection
999 _c51213
_d51213